Statistics for Fast Math - Lying

Click here to take the quiz!

General Stats

  • This quiz has been taken 64 times
  • The average score is 9 of 15

Answer Stats

QuestionAnswer% Correct
6x511
84%
If x=1, what does x equal?0
82%
1+22
79%
2+44
79%
2+25
79%
4/50.75
76%
5=7True
74%
6+6=12False
71%
6/33
55%
372+5378
55%
9+818
42%
9/90
37%
30+30+3030
24%
Is 67 a prime number?No
16%
372+499861
13%

Score Distribution

Percentile by Number Answered

Percent of People with Each Score

Your Score History

You have not taken this quiz